[Event "FICGS rapid B 000045 email"]
[Site "FICGS email"]
[Date "2007.03.29"]
[Round "1"]
[White "Durnez, Quentin"]
[Black "Van Speybroeck, Dirk Jan"]
[Result "1/2-1/2"]
[WhiteElo "1408"]
[BlackElo "1640"]
[PlyCount "30"]
[EventDate "2007.??.??"]
[EventType "tourn (rapid)"]
[EventRounds "6"]
[SourceTitle "Corr 2022"]
[Source "ChessBase"]
[SourceDate "2021.10.24"]
[SourceVersion "1"]
[SourceVersionDate "2021.10.24"]
[SourceQuality "1"]

1. e4 c5 2. Nf3 d6 3. Nc3 e6 4. d3 Nc6 5. Ng5 Nf6 6. Be3 h6 7. Nf3 Be7 8. Be2 a6 9. d4 cxd4 10. Nxd4 Qc7 11. Qd2 Bd7 12. Bf3 Ne5 13. 0-0-0 Nc4 14. Qe2 Rc8 15. Nb3 Nxb2 1/2-1/2

[Event "FICGS rapid B 000030 email"]
[Site "FICGS email"]
[Date "2007.01.03"]
[Round "1"]
[White "Moreira, Renato"]
[Black "Van Speybroeck, Dirk Jan"]
[Result "1-0"]
[WhiteElo "1350"]
[BlackElo "1717"]
[PlyCount "29"]
[EventDate "2007.??.??"]
[EventType "tourn (rapid)"]
[EventRounds "6"]
[SourceTitle "Corr 2022"]
[Source "ChessBase"]
[SourceDate "2021.10.24"]
[SourceVersion "1"]
[SourceVersionDate "2021.10.24"]
[SourceQuality "1"]

1. e4 e5 2. f4 Bc5 3. Nf3 d6 4. c3 Nf6 5. d3 Bg4 6. h3 Bxf3 7. Qxf3 Nc6 8. Nd2 a5 9. Nb3 Bb6 10. Be3 Bxe3 11. Qxe3 d5 12. 0-0-0 a4 13. Nd2 exf4 14. Qxf4 Qd6 15. e5 1-0

[Event "FICGS rapid B 000029 email"]
[Site "FICGS email"]
[Date "2006.12.26"]
[Round "1"]
[White "Kepinski, Janusz"]
[Black "Van Speybroeck, Dirk Jan"]
[Result "0-1"]
[WhiteElo "1700"]
[BlackElo "1790"]
[PlyCount "64"]
[EventDate "2006.??.??"]
[EventType "tourn (rapid)"]
[EventRounds "6"]
[SourceTitle "Corr 2022"]
[Source "ChessBase"]
[SourceDate "2021.10.24"]
[SourceVersion "1"]
[SourceVersionDate "2021.10.24"]
[SourceQuality "1"]

1. e4 c5 2. b4 cxb4 3. d4 d5 4. e5 Bf5 5. Bd3 Bxd3 6. Qxd3 e6 7. Nf3 Nc6 8. 0-0 Nge7 9. Bg5 Qc7 10. Nbd2 h6 11. Be3 Nf5 12. Rac1 Be7 13. c4 bxc3 14. Rxc3 0-0 15. Rfc1 Rac8 16. R3c2 Qd7 17. a3 Rc7 18. Bf4 Rfc8 19. Rc3 a6 20. g4 Nh4 21. Nxh4 Bxh4 22. Nb3 Be7 23. Nc5 Bxc5 24. Rxc5 Na5 25. Rxa5 Rxc1+ 26. Bxc1 Rxc1+ 27. Kg2 Qc6 28. Qd2 Qc4 29. Rc5 Qf1+ 30. Kg3 Rd1 31. Rc8+ Kh7 32. Qe3 Rd3 0-1

[Event "FICGS rapid B 000029 email"]
[Site "FICGS email"]
[Date "2006.12.26"]
[Round "1"]
[White "Van Speybroeck, Dirk Jan"]
[Black "Batal, Jean"]
[Result "0-1"]
[WhiteElo "1790"]
[BlackElo "1650"]
[PlyCount "42"]
[EventDate "2006.??.??"]
[EventType "tourn (rapid)"]
[EventRounds "6"]
[SourceTitle "Corr 2022"]
[Source "ChessBase"]
[SourceDate "2021.10.24"]
[SourceVersion "1"]
[SourceVersionDate "2021.10.24"]
[SourceQuality "1"]

1. Nc3 Nf6 2. e4 d6 3. d4 Nbd7 4. Nf3 e5 5. Bc4 Be7 6. 0-0 0-0 7. Qe2 c6 8. a4 exd4 9. Nxd4 Re8 10. Ba2 Bf8 11. Qf3 Ne5 12. Qd1 a5 13. Bg5 h6 14. Bh4 Ng6 15. Bg3 Qb6 16. Qd2 Nxe4 17. Nxe4 Rxe4 18. c3 Bd7 19. Qd3 d5 20. f3 Nf4 21. Qd2 Ne2+ 0-1